| 000 | 01401nam a2200313 4500 | ||
|---|---|---|---|
| 003 | EG-GICUC | ||
| 005 | 20260121101436.0 | ||
| 008 | 251206s1996 ua ||||fr|||| 000 0 ara d | ||
| 040 |
_a EG-GICUC _bara _c EG-GICUC _d EG-GICUC _erda |
||
| 041 | 0 | _aara | |
| 082 | 0 | 4 |
_221 _a343.451 _bم ر . م |
| 092 | 0 | 4 | _221 |
| 099 | _aLaw1 10 343.451 م ر . م 1996 | ||
| 110 | 1 |
_aمصر. _bمركز بحوث ودراسات مكافحة الجريمة ومعاملة المجرمين. _eمؤلف. |
|
| 245 | 1 | 2 |
_aالمشكلات العملية في جرائم الغش والتدليس في ضوء القانون الجديد / _cمركز بحوث ودراسات مكافحة الجريمة ومعاملة المجرمين. |
| 264 | 3 |
_aالجيزة : _bمركز جامعة القاهرة للطباعة, _c1996. |
|
| 300 |
_a405 صفحة، صفحات غير مرقمة ؛ _c24 سم. |
||
| 336 |
_2rda content _atext |
||
| 337 |
_2rda media _aComputer |
||
| 338 |
_2rda carrier _aOnline Resource |
||
| 500 | _aندوة علمية نظمها المركز في نوفمبر سنة 1995. | ||
| 504 | _aيشتمل على إرجاعات ببليوجرافية. | ||
| 546 | _aالنص باللغة العربية | ||
| 650 | 1 |
_aقمع الغش والتدليس _2qrmak |
|
| 651 | 1 | _2qrmak | |
| 856 | 4 | 0 | _uhttps://fll.law.cu.edu.eg/fulltext/bks/B10-05384.pdf |
| 905 |
_a62 _eYara |
||
| 942 |
_2ddc _cBK _e21 _n0 |
||
| 999 |
_c48757 _d48757 |
||